[Event "Oberfranken-ch"]
[Site "Schney"]
[Date "2020.01.05"]
[Round "5"]
[White "Wagner, Norbert1111"]
[Black "Neuberg, Hans Gerhard"]
[Result "1-0"]
[WhiteElo "2004"]
[BlackElo "1981"]
[PlyCount "48"]
[EventDate "2020.01.03"]
[EventType "swiss"]
[EventRounds "7"]
[EventCountry "GER"]
[SourceTitle "CBM 194 Extra"]
[Source "ChessBase"]
[SourceDate "2020.03.31"]
[SourceVersion "1"]
[SourceVersionDate "2020.03.31"]
[SourceQuality "1"]

1. c4 e5 2. Nc3 Nf6 3. g3 d5 4. cxd5 Nxd5 5. Bg2 Be6 6. Nf3 Nc6 7. 0-0 Nb6 8. d4 exd4 9. Nb5 Bc5 10. Bf4 Nd5 11. Qc1 Bb6 12. Rd1 Qe7 13. Nfxd4 Nxd4 14. Nxd4 0-0 15. Bg5 Nf6 16. Bxb7 Rad8 17. Nxe6 Qxe6 18. e3 Rxd1+ 19. Qxd1 Ng4 20. Qd5 Nxf2 21. Kxf2 Qh3 22. Kg1 h6 23. Bf4 Re8 24. Re1 Qe6 1-0

[Event "Oberfranken-ch"]
[Site "Schney"]
[Date "2020.01.04"]
[Round "4"]
[White "Neuberg, Hans Gerhard"]
[Black "Bikteev, Valeri"]
[Result "1-0"]
[WhiteElo "1981"]
[BlackElo "1590"]
[PlyCount "115"]
[EventDate "2020.01.03"]
[EventType "swiss"]
[EventRounds "7"]
[EventCountry "GER"]
[SourceTitle "CBM 194 Extra"]
[Source "ChessBase"]
[SourceDate "2020.03.31"]
[SourceVersion "1"]
[SourceVersionDate "2020.03.31"]
[SourceQuality "1"]

1. e4 e5 2. Nf3 Nf6 3. Nc3 Bc5 4. Bc4 Nc6 5. 0-0 d6 6. d3 Bg4 7. Ne2 Bxf3 8. gxf3 Qe7 9. c3 a6 10. b4 Ba7 11. a4 h6 12. Kh1 Nd8 13. Be3 Ne6 14. Rg1 g5 15. Ng3 Nf4 16. Nf5 Qf8 17. Bxa7 Rxa7 18. d4 Nh3 19. Rf1 Nd7 20. dxe5 Nxe5 21. Qd4 b6 22. Rad1 Nf4 23. a5 Nxf3 24. Nxd6+ cxd6 25. Qxb6 Rd7 26. Bxa6 Ke7 27. Bb5 Rd8 28. a6 Ne5 29. a7 Kf6 30. c4 Kg7 31. Ba6 Qe7 32. Qd4 Kh7 33. b5 Ne6 34. Qd5 Qxa7 35. Ra1 Qc7 36. Rfc1 Nf4 37. Qd1 Ned3 38. Rc2 Qc5 39. Qf3 Rhe8 40. Rb1 f5 41. Bb7 g4 42. Qe3 Qe5 43. Bc6 Re7 44. Ra2 Nc5 45. b6 fxe4 46. Ra7 Kg6 47. Rxe7 Qxe7 48. Qxf4 h5 49. Re1 Rf8 50. Bxe4+ Nxe4 51. Qxe4+ Qxe4+ 52. Rxe4 Rxf2 53. Re6+ Kf5 54. Rxd6 Rf4 55. Rd5+ Ke4 56. Rb5 Kf3 57. Rb3+ Kf2 58. Rb1 1-0

[Event "Regionalliga NW 1516"]
[Site "Bayern"]
[Date "2016.03.13"]
[Round "8.5"]
[White "Neuberg, Hans Gerhard"]
[Black "Schwarzmann, Holger"]
[Result "1-0"]
[WhiteElo "1830"]
[BlackElo "1834"]
[PlyCount "113"]
[EventDate "2015.10.11"]
[EventType "team-tourn"]
[EventRounds "9"]
[EventCountry "GER"]
[SourceTitle "EXT 2018"]
[Source "ChessBase"]
[SourceDate "2017.10.13"]
[SourceVersion "1"]
[SourceVersionDate "2017.10.13"]
[SourceQuality "1"]
[WhiteTeam "Kronach"]
[BlackTeam "Hoechstadt/Aisch"]
[WhiteTeamCountry "GER"]
[BlackTeamCountry "GER"]

1. e4 d5 2. exd5 Nf6 3. Nc3 Nxd5 4. Nxd5 Qxd5 5. Nf3 Bg4 6. Be2 e6 7. c3 c6 8. d4 Be7 9. 0-0 0-0 10. Ne5 Bxe2 11. Qxe2 Na6 12. Qf3 Nc7 13. Qg3 Rac8 14. Bf4 Qd8 15. Bh6 Bf6 16. Ng4 Kh8 17. Nxf6 Qxf6 18. Bg5 Qg6 19. Bf4 Qxg3 20. Bxg3 Nd5 21. Rad1 Rfe8 22. Rd3 Kg8 23. Re1 Ne7 24. f4 Rcd8 25. Bf2 Rd5 26. Re5 Nf5 27. c4 Rd7 28. d5 a6 29. g4 Ne7 30. d6 Ng6 31. Re4 Rc8 32. c5 Nf8 33. Rb3 f6 34. Rb6 Ra8 35. f5 e5 36. Reb4 Ra7 37. Ra4 Rf7 38. Rb3 Nd7 39. Rab4 Nb8 40. Rb6 Kf8 41. Be1 Ke8 42. Ba5 g6 43. R6b4 gxf5 44. gxf5 Rg7+ 45. Kf2 Nd7 46. Rxb7 Nxc5 47. Rxa7 Rxa7 48. Rb8+ Kf7 49. Bb6 Rb7 50. Bc7 Rxb8 51. Bxb8 Nd3+ 52. Ke2 Nxb2 53. Kd2 Nc4+ 54. Kd3 Na3 55. d7 Ke7 56. Bd6+ Kxd7 57. Bxa3 1-0

[Event "Schweinfurt op 23rd"]
[Site "Schweinfurt"]
[Date "2013.05.30"]
[Round "2"]
[White "Leeb, Simon"]
[Black "Neuberg, Hans Gerhard"]
[Result "1-0"]
[WhiteElo "1732"]
[BlackElo "1992"]
[PlyCount "93"]
[EventDate "2013.05.30"]
[EventType "swiss"]
[EventRounds "7"]
[EventCountry "GER"]
[SourceTitle "CBM 154 Extra"]
[Source "ChessBase"]
[SourceDate "2013.06.25"]
[SourceVersion "2"]
[SourceVersionDate "2013.06.25"]
[SourceQuality "1"]

1. d4 g6 2. c4 Bg7 3. Nc3 c5 4. e3 Nf6 5. Nf3 0-0 6. Be2 d6 7. 0-0 Na6 8. a3 Nc7 9. Qc2 Rb8 10. Rd1 Qe8 11. e4 cxd4 12. Nxd4 Ne6 13. Be3 a6 14. Nd5 Nc5 15. Nc3 Bd7 16. Rab1 Ng4 17. Bxg4 Bxg4 18. f3 Bd7 19. Qd2 Rc8 20. b3 Ne6 21. Rbc1 Nc5 22. Rb1 Ne6 23. Nd5 Bc6 24. Nb4 Bd7 25. Kh1 Nc5 26. Nd3 Nxd3 27. Qxd3 Bxd4 28. Qxd4 f6 29. Qd5+ Kg7 30. Qxb7 Rb8 31. Qd5 Bc6 32. Qd2 Qd8 33. Bh6+ Kf7 34. Bxf8 Kxf8 35. c5 Rb7 36. cxd6 Rd7 37. dxe7+ Qxe7 38. Qb4 Qxb4 39. axb4 Rxd1+ 40. Rxd1 Ke7 41. Kg1 Bb5 42. Kf2 Bd7 43. Ke3 Bb5 44. Rd5 Bd7 45. Kd4 Bb5 46. Rxb5 axb5 47. Kc5 1-0

[Event "Regionalliga NW 1213"]
[Site "Bayern"]
[Date "2012.12.09"]
[Round "4.7"]
[White "Neuberg, Hans Gerhard"]
[Black "Malzer, Werner"]
[Result "1/2-1/2"]
[WhiteElo "1858"]
[BlackElo "1823"]
[PlyCount "31"]
[EventDate "2012.10.14"]
[EventType "team-tourn"]
[EventRounds "9"]
[EventCountry "GER"]
[SourceTitle "EXT 2015"]
[Source "ChessBase"]
[SourceDate "2014.11.20"]
[SourceVersion "1"]
[SourceVersionDate "2014.11.20"]
[SourceQuality "1"]
[WhiteTeam "Kronach"]
[BlackTeam "Kirchenlaibach"]
[WhiteTeamCountry "GER"]
[BlackTeamCountry "GER"]

1. e4 c5 2. Nf3 Nc6 3. d4 cxd4 4. Nxd4 e6 5. Be3 Nf6 6. Nc3 a6 7. f3 Be7 8. Be2 0-0 9. 0-0 d6 10. Qd2 Qc7 11. Na4 b5 12. Nxc6 Qxc6 13. Nb6 Rb8 14. Nxc8 Rbxc8 15. c3 Rfd8 16. Rfd1 1/2-1/2

[Event "Regionalliga NW 0910"]
[Site "Bayern"]
[Date "2010.02.07"]
[Round "6.7"]
[White "Neuberg, Hans Gerhard"]
[Black "Heimerdinger, Joerg"]
[Result "0-1"]
[WhiteElo "1839"]
[BlackElo "2002"]
[PlyCount "44"]
[EventDate "2009.10.18"]
[EventType "team-tourn"]
[EventRounds "9"]
[EventCountry "GER"]
[SourceTitle "EXT 2011"]
[Source "ChessBase"]
[SourceDate "2010.11.26"]
[SourceVersion "1"]
[SourceVersionDate "2010.11.26"]
[SourceQuality "1"]
[WhiteTeam "Kronach"]
[BlackTeam "Bindlach II"]
[WhiteTeamCountry "GER"]
[BlackTeamCountry "GER"]

1. e4 e6 2. d4 d5 3. Nd2 c5 4. Ngf3 cxd4 5. exd5 Qxd5 6. Nb3 e5 7. c3 Nc6 8. cxd4 e4 9. Ng1 Nf6 10. Ne2 Bg4 11. Be3 Nb4 12. Nbc1 Rc8 13. Nc3 Rxc3 14. bxc3 Bxd1 15. Kxd1 Nc6 16. Be2 Ba3 17. Nb3 Bb2 18. c4 Qd6 19. Rb1 Bxd4 20. Nxd4 Nxd4 21. Rxb7 0-0 22. Rb2 Rb8 0-1

[Event "Oberfranken-ch M 0708"]
[Site "Schney"]
[Date "2008.01.02"]
[Round "1"]
[White "Neuberg, Hans Gerhard"]
[Black "Laustsen, Karl Johann"]
[Result "1-0"]
[WhiteElo "2008"]
[BlackElo "1898"]
[PlyCount "119"]
[EventDate "2008.01.02"]
[EventType "swiss"]
[EventRounds "7"]
[EventCountry "GER"]
[SourceTitle "CBM 122 Extra"]
[Source "ChessBase"]
[SourceDate "2008.03.04"]
[SourceVersion "1"]
[SourceVersionDate "2008.03.04"]
[SourceQuality "1"]

1. e4 c5 2. Nf3 d6 3. d4 cxd4 4. Nxd4 Nf6 5. Nc3 a6 6. Be2 e5 7. Nb3 Be7 8. Be3 Be6 9. 0-0 0-0 10. h3 b5 11. Bf3 Qc7 12. Ne2 Nbd7 13. c3 Nb6 14. Nd2 Rfd8 15. Ng3 d5 16. exd5 Nbxd5 17. Qe2 Rab8 18. Rfd1 Nxe3 19. fxe3 Rd7 20. Nb3 Rbd8 21. Rxd7 Rxd7 22. Rd1 Bc4 23. Rxd7 Qxd7 24. Qd1 Qxd1+ 25. Bxd1 Nd5 26. Kf2 Bh4 27. e4 Nf4 28. Nc1 Nd3+ 29. Nxd3 Bxd3 30. Ke3 Bc4 31. Nf5 Bg5+ 32. Kf3 Bd8 33. b3 Be6 34. Ke3 Kf8 35. Be2 Bb6+ 36. Kd3 g6 37. Ne3 Ke8 38. c4 bxc4+ 39. Nxc4 Bd4 40. Nd2 f6 41. Kc2 Bc8 42. Bc4 Bb7 43. Kd3 Ke7 44. Nf3 Bf2 45. b4 Bc8 46. Bd5 Kd6 47. a3 f5 48. Ng5 fxe4+ 49. Bxe4 Bf5 50. Nxh7 Bd4 51. Nf8 Bxe4+ 52. Kxe4 Bb2 53. a4 g5 54. g4 Bc1 55. Ng6 Bd2 56. b5 axb5 57. axb5 Ba5 58. Nxe5 Ke6 59. Nc4 Bd8 60. b6 1-0

[Event "Regionalliga NW 0607"]
[Site "Bayern"]
[Date "2006.12.10"]
[Round "4.5"]
[White "Neuberg, Hans Gerhard"]
[Black "Lukas, Norbert"]
[Result "1-0"]
[WhiteElo "2037"]
[BlackElo "1993"]
[PlyCount "79"]
[EventDate "2006.10.15"]
[EventType "team-tourn"]
[EventRounds "9"]
[EventCountry "GER"]
[SourceTitle "EXT 2008"]
[Source "ChessBase"]
[SourceDate "2007.11.25"]
[SourceVersion "1"]
[SourceVersionDate "2007.11.25"]
[SourceQuality "1"]
[WhiteTeam "Kronach"]
[BlackTeam "Schweinfurt"]
[WhiteTeamCountry "GER"]
[BlackTeamCountry "GER"]

1. e4 e6 2. d4 d5 3. Nd2 c5 4. exd5 exd5 5. Ngf3 Nc6 6. dxc5 Bxc5 7. Be2 Nf6 8. 0-0 h6 9. Nb3 Bb6 10. c3 0-0 11. Nfd4 Qd6 12. Be3 Nxd4 13. Nxd4 a6 14. Bf3 Be6 15. Qb3 Bc7 16. g3 b5 17. Rad1 Rad8 18. a4 bxa4 19. Qxa4 g5 20. Nb3 Bb6 21. Nd4 Bc7 22. c4 Bd7 23. Qc2 Be6 24. Nxe6 Qxe6 25. cxd5 Qc8 26. Rc1 Be5 27. Qd2 Qf5 28. Bg2 Bb8 29. Rfd1 Rfe8 30. Rc6 Rd6 31. Rdc1 Ng4 32. Bh3 h5 33. Rxd6 Bxd6 34. Bxg5 Bb4 35. Qf4 Qxd5 36. Bxg4 Bd6 37. Qf5 Re4 38. Qc8+ Kg7 39. Bf4 hxg4 40. Qxg4+ 1-0

[Event "Budapest FS08 FM-B"]
[Site "Budapest"]
[Date "2006.08.13"]
[Round "9"]
[White "Teglas, Balazs"]
[Black "Neuberg, Hans Gerhard"]
[Result "1-0"]
[WhiteElo "2041"]
[BlackElo "1966"]
[PlyCount "215"]
[EventDate "2006.08.05"]
[EventType "tourn"]
[EventRounds "13"]
[EventCountry "HUN"]
[SourceTitle "CBM 113 Extra"]
[Source "ChessBase"]
[SourceDate "2006.09.14"]
[SourceVersion "1"]
[SourceVersionDate "2006.09.14"]
[SourceQuality "1"]

1. d4 g6 2. e4 Bg7 3. Nf3 d6 4. Bc4 Nf6 5. Nc3 0-0 6. 0-0 Nxe4 7. Nxe4 d5 8. Bd3 dxe4 9. Bxe4 Nd7 10. c3 Nf6 11. Bc2 b6 12. Ne5 Bb7 13. Qe2 e6 14. Bg5 Qd6 15. Rfe1 Nd7 16. Rad1 Nf6 17. Qd2 Qd5 18. f3 Qxa2 19. Ra1 Qd5 20. Bxf6 Bxf6 21. Be4 Qd6 22. Bxb7 Rad8 23. Qe3 a5 24. f4 c6 25. Qf3 c5 26. Qc6 cxd4 27. Qxd6 Rxd6 28. Rad1 Rfd8 29. Rxd4 Rxd4 30. cxd4 Rxd4 31. Re4 Rd2 32. b3 Be7 33. Kf1 Rb2 34. Re3 Bc5 35. Rd3 Rf2+ 36. Ke1 Rxf4 37. Rf3 Rxf3 38. gxf3 f6 39. Nd7 Bd4 40. Ke2 Kf7 41. Kd3 Bg1 42. h3 Ke7 43. Bc6 f5 44. Kc4 Kd6 45. Kb5 g5 46. Nxb6 Ke5 47. Nd7+ Kf4 48. Nf6 h6 49. Nh5+ Ke3 50. Ng7 Kf2 51. Nxe6 Kg3 52. Ng7 Kxh3 53. Nxf5 h5 54. Kxa5 Bh2 55. Ng7 h4 56. Ne6 g4 57. b4 Bd6 58. Ng5+ Kg3 59. Ne4+ Kf4 60. fxg4 Bxb4+ 61. Kxb4 Kxg4 62. Nf2+ Kg3 63. Nh1+ Kf4 64. Kc3 h3 65. Kd3 h2 66. Ke2 Ke5 67. Kf2 Kd6 68. Bf3 Ke5 69. Kg2 Kd4 70. Kxh2 Ke3 71. Kg3 Kd4 72. Kf4 Kd3 73. Nf2+ Kd4 74. Be4 Kc3 75. Ke3 Kb2 76. Kd4 Kc1 77. Bd3 Kb2 78. Kc4 Ka1 79. Kc3 Ka2 80. Bc2 Ka1 81. Nd3 Ka2 82. Nc5 Ka1 83. Bb3 Kb1 84. Nd3 Ka1 85. Nb4 Kb1 86. Nc2 Kc1 87. Nb4 Kb1 88. Nc2 Kc1 89. Ba2 Kd1 90. Nd4 Ke1 91. Kd3 Kf2 92. Ne2 Kf3 93. Be6 Kf2 94. Bd5 Ke1 95. Ke3 Kd1 96. Bb3+ Ke1 97. Nf4 Kf1 98. Bd1 Ke1 99. Bf3 Kf1 100. Nd3 Kg1 101. Kf4 Kh2 102. Nf2 Kg1 103. Kg3 Kf1 104. Nd3 Kg1 105. Be2 Kh1 106. Nf2+ Kg1 107. Nh3+ Kh1 108. Bf3# 1-0

[Event "Regionalliga NW 0506"]
[Site "Bayern"]
[Date "2006.03.12"]
[Round "8.7"]
[White "Ersoez, Can Hakki"]
[Black "Neuberg, Hans Gerhard"]
[Result "0-1"]
[WhiteElo "1887"]
[BlackElo "1925"]
[PlyCount "84"]
[EventDate "2005.10.23"]
[EventType "team-tourn"]
[EventRounds "9"]
[EventCountry "GER"]
[SourceTitle "EXT 2007"]
[Source "ChessBase"]
[SourceDate "2006.11.23"]
[SourceVersion "1"]
[SourceVersionDate "2006.11.23"]
[SourceQuality "1"]

1. e4 g6 2. d4 Bg7 3. Nc3 d6 4. Be3 c6 5. Qd2 b5 6. f3 a5 7. h4 h5 8. Nh3 Qc7 9. d5 b4 10. Na4 c5 11. Bb5+ Bd7 12. Bxd7+ Nxd7 13. c4 Rb8 14. Nf2 Ngf6 15. Nd3 Nb6 16. Nxb6 Qxb6 17. 0-0 a4 18. Rae1 Nd7 19. f4 a3 20. e5 axb2 21. Qxb2 0-0 22. Qf2 Qa6 23. e6 fxe6 24. dxe6 Qxc4 25. Nxb4 Nf6 26. Nc6 Rbe8 27. f5 Ng4 28. Qg3 Qa6 29. Nxe7+ Rxe7 30. Bg5 Bf6 31. fxg6 Bxg5 32. Rxf8+ Kxf8 33. hxg5 Kg7 34. Qc3+ Kxg6 35. Qh8 Kxg5 36. Qg8+ Kh4 37. Qd8 Qc6 38. Qxe7+ Kg3 39. Re2 Qd5 40. Qf7 Qd4+ 41. Rf2 Nxf2 42. Qxf2+ Qxf2+ 0-1

[Event "Regionalliga NW 0506"]
[Site "Bayern"]
[Date "2006.01.29"]
[Round "6.7"]
[White "Zimmermann, Frank1111"]
[Black "Neuberg, Hans Gerhard"]
[Result "0-1"]
[WhiteElo "1790"]
[BlackElo "1917"]
[PlyCount "42"]
[EventDate "2005.10.23"]
[EventType "team-tourn"]
[EventRounds "9"]
[EventCountry "GER"]
[SourceTitle "EXT 2007"]
[Source "ChessBase"]
[SourceDate "2006.11.23"]
[SourceVersion "1"]
[SourceVersionDate "2006.11.23"]
[SourceQuality "1"]

1. Nf3 c5 2. c4 g6 3. g3 Bg7 4. Bg2 Nc6 5. 0-0 Nf6 6. d3 d5 7. cxd5 Nxd5 8. a3 0-0 9. Qc2 b6 10. Nc3 e6 11. Rb1 Bb7 12. Rd1 Rc8 13. e3 Qd7 14. Ne2 Rfd8 15. Qc4 Nc7 16. Qh4 Ba6 17. Ne1 Ne5 18. Nf4 Bxd3 19. Nfxd3 c4 20. b3 cxd3 21. Bb7 Rb8 0-1